000 00629nam a22002297a 4500
003 UA-OsUOA
001 98758
007 ta
008 20130417b un ||||| |||| 00| 0 ukr d
100 _aСафонов Э.
090 _a821.161.1
_bС21
942 _cBK
040 _aUA-OsUOA
_brus
_cUA-OsUOA
_dUA-OsUOA
245 _aПрожитый день
_bповести и рассказы
300 _a560 с.
955 _a3
041 _arus
080 _a821.161.1
260 _aМ.
_bМолодая гвардия
_c1988
650 7 _a82 Література. Літературознавство
_2UDC
999 _c384805
_d384805